De la creación al guión : arte y técnica de escribir para cine y televisión /

Gardado en:
Detalles Bibliográficos
Autor Principal: Comparato, Doc (autor)
Formato: Libro
Idioma:Lingua castelá
Publicado: Buenos Aires, Argentina : La Crujía, 2005, c2005
Series:(Aperturas)
Temas:
Etiquetas: Engadir etiqueta
Sen Etiquetas, Sexa o primeiro en etiquetar este rexistro!

MARC

LEADER 00000nam^a2200000^a^4500
001 000277958
005 20250521000000.0
009 20260310111350.832
020 |a 987-1004-96-6 
037 |a Acervo ITESO - Biblioteca 
041 |a ESP 
082 |a 302. 23012  |b COM 
100 |a Comparato, Doc  |e (autor) 
245 1 0 |a De la creación al guión :  |b arte y técnica de escribir para cine y televisión /  |c D. Comparato. 
264 4 |a Buenos Aires, Argentina :  |b La Crujía,  |c 2005, c2005 
300 |a 380 p. 
336 |a texto  |b txt  |2 rdacontenido 
337 |a sin mediación  |b n  |2 rdamedio 
338 |a volumen  |b nc  |2 rdasoporte 
440 1 |a (Aperturas) 
649 |a XX 
650 |a Guiones Cinematográficos -  |x Técnica -  |x Tema Principal 
650 |a Guiones Televisivos -  |x Técnica -  |x Tema Principal 
650 |a Guiones -  |x Técnica 
650 |a Cine 
650 |a Televisión 
650 |a Medios Audiovisuales 
650 |a Medios de Comunicación 
650 |a Comunicación Visual 
650 |a Comunicación Masiva 
910 |a Fondo General 
920 |a Impresos - Libros 
930 |a Colección General 
905 |a 101 
901 |a 0500163425  |b IT1  |c ACC  |u 20250521 
902 |a https://opac.biblio.iteso.mx/vufind/Record/000277958